| Tag |
First Indicator |
Second Indicator |
Subfields |
| LEADER |
00000cam a2200000Ia 4500 |
| 001 |
in00002000299 |
| 005 |
20151031124736.0 |
| 008 |
940309s1993 maua b 000 0 eng d |
| 035 |
|
|
|a (OCoLC)ocm29930848
|
| 040 |
|
|
|a CUS
|c CUS
|d OCLCQ
|d TXA
|d UtOrBLW
|
| 049 |
|
|
|a TXAM
|
| 090 |
|
|
|a GC1
|b .W582 no. 93-41
|
| 100 |
1 |
|
|a Stewart, W. Kenneth.
|
| 245 |
1 |
2 |
|a A preliminary study of shallow-water sonar issues :
|b signal motion loss and reverberation noise /
|c by W. Kenneth Stewart, Dezhang Chu, and Xiaoou Tang.
|
| 264 |
|
1 |
|a Woods Hole, Mass. :
|b Woods Hole Oceanographic Institution,
|c [1993]
|
| 300 |
|
|
|a 51 leaves :
|b illustrations (some color) ;
|c 29 cm.
|
| 336 |
|
|
|a text
|b txt
|2 rdacontent
|
| 337 |
|
|
|a unmediated
|b n
|2 rdamedia
|
| 338 |
|
|
|a volume
|b nc
|2 rdacarrier
|
| 490 |
1 |
|
|a WHOI ;
|v 93-41.
|a Technical report
|
| 500 |
|
|
|a "Funding was approved by the Mitre Corporation and the Office of Naval Research under contract N00014-92-C-6028."
|
| 500 |
|
|
|a "September 1993."
|
| 504 |
|
|
|a Includes bibliographical references (leaf 51).
|
| 650 |
|
0 |
|a Sonar.
|
| 650 |
|
0 |
|a Underwater acoustics
|x Mathematical models.
|
| 650 |
|
0 |
|a Sound
|x Reverberation.
|
| 700 |
1 |
|
|a Chu, Dezhang.
|
| 700 |
1 |
|
|a Tang, Xiaoou.
|
| 710 |
2 |
|
|a Woods Hole Oceanographic Institution.
|
| 830 |
|
0 |
|a Woods Hole Oceanographic Institution (Series) ;
|v no. 93-41.
|
| 830 |
|
0 |
|a Technical report (Woods Hole Oceanographic Institution)
|
| 948 |
|
|
|a cataloged
|b h
|c 2004/10/22
|d c
|e rdavis
|f 12:31:46 pm
|
| 994 |
|
|
|a E0
|b TXA
|
| 999 |
|
|
|a MARS
|
| 999 |
f |
f |
|s e4f95942-b2d2-333c-9ce0-5b05c3589ae4
|i eef425aa-5a10-3303-9fde-13f43db5d5b9
|t 0
|
| 952 |
f |
f |
|p ric
|a Texas A&M University
|b Rellis Campus
|c Joint Library Facility
|d Remote Storage
|t 0
|e GC1 .W582 no.93-41
|h Library of Congress classification
|i unmediated -- volume
|m A14832276260
|
| 998 |
f |
f |
|a GC1 .W582 no.93-41
|t 0
|l Remote Storage
|